000 00456nam a2200169 a 4500
001 0000-8782
003 ELIB.Books
008 110520 1988
035 _a(ELIB.Books)0000-8928
082 _a221
_bHin
100 _aHinson, David F.
245 _aTheology of the Old Testament (O.T Introduction 3)
260 _bQuezon City: New Day Publishers
_c1988
650 _aOld Testament
942 _2ddc
_cBK
998 _cbat
_e2011-05-20
999 _c8782
_d8782